000 01350nam a22003257a 4500
999 _c15250
_d15250
003 MIRAKIL
005 20230614093144.0
008 230614b tu ||||| |||| 00| 0 tur d
040 _aTR-AnCHP
_btur
_cTR-AnCHP
041 _atur
082 _aCHP 324.2372
_bC36s 2023
090 _aBROŞÜR 614
240 _aSana Söz
_fMayıs 2023
245 _aSana Söz:
_bDevlet okullarında öğrencilere ücretsiz öğle yemeği, süt ve su /
_cCHP
246 _aDevlet okullarında öğrencilere ücretsiz öğle yemeği, süt ve su
260 _aAnkara
_bCHP
_c2023
300 _a2 s.:
_brnkl. fotg.
_c21 sm.
440 _aCumhuriyet Halk Partisi yayınları
_pSana söz
600 _aKılıçdaroğlu, Kemal
_xPropaganda ve ideolojiler
_yöğrenci politikaları
600 _aKılıçdaroğlu, Kemal
_cCHP Genel Başkanı
_xSeçim kampanyaları, 2023
_yÖğrenciler
610 _aCHP
_xSeçim kampanyaları, 2023
_yÖğrenci politikaları
610 _aCHP
_xÖğrenci sorunları
_yÇözüm önerileri
610 _aCHP
_xPropaganda ve ideolojiler
_yGenel seçimler, 2023
_yKılıçdaroğlu dönemi
651 _aTürkiye
_xSiyaset ve yönetim
_y2023-
740 _aSana söz
830 _aCHP broşürleri
856 _zDijital Nüshası için Partimizin Kütüphane Sorumlusu ile iletişime geçiniz.
942 _2ddc
_cVIS